[Event "V Floripa Chess Open 2019"]
[Site "Florianopolis/SC"]
[Date "2019.01.26"]
[Round "8.42"]
[White "Bastos, Guilherme Exterhott"]
[Black "Calcado, Acyr Rogerio"]
[Result "0-1"]
[WhiteElo "1956"]
[BlackElo "2141"]
[PlyCount "84"]
[EventDate "2019.01.21"]
[EventRounds "10"]
[EventCountry "BRA"]

1. d4 d5 2. Bf4 Nf6 3. e3 c5 4. c3 Nc6 5. Nf3 Qb6 6. Qb3 c4 7. Qc2 Bf5 8. Qc1 e6 9. Nbd2 Be7 10. Nh4 Bg4 11. h3 Bh5 12. g4 Nd7 13. Ndf3 Bg6 14. Nxg6 hxg6 15. Bg2 O-O-O 16. Qc2 Nf6 17. Ne5 Nxe5 18. Bxe5 Bd6 19. f4 Be7 20. Bxf6 gxf6 21. O-O-O f5 22. Bf3 Qa5 23. b4 cxb3 24. axb3 Kb8 25. Kd2 Rc8 26. Ra1 Qb6 27. Ra4 fxg4 28. Bxg4 f5 29. Be2 g5 30. fxg5 Bxg5 31. Qa2 Qc7 32. c4 Qg3 33. Qa1 Qxe3+ 34. Ke1 Bh4+ 35. Kd1 Qxb3+ 36. Kd2 Bg5+ 37. Ke1 Qg3+ 38. Kd1 Qg2 39. Re1 Rxh3 40. Rxa7 Rd3+ 41. Kc2 Rxc4+ 42. Kb2 Rd2+ 0-1

[Event "V Floripa Chess Open 2019"]
[Site "Florianopolis/SC"]
[Date "2019.01.26"]
[Round "8.43"]
[White "Cardoso, Andre Felipe De Lim"]
[Black "Moura, Eduardo Eugenio Cha"]
[Result "0-1"]
[WhiteElo "1948"]
[BlackElo "2134"]
[PlyCount "44"]
[EventDate "2019.01.21"]
[EventRounds "10"]
[EventCountry "BRA"]

1. e4 c5 2. Nc3 Nc6 3. g3 g6 4. Bg2 Bg7 5. Nge2 d6 6. h3 e5 7. d3 Nge7 8. Be3 O-O 9. Qd2 Rb8 10. g4 b5 11. Ng3 b4 12. Nd5 Nxd5 13. exd5 Ne7 14. Bh6 Bb7 15. h4 Nxd5 16. Bxg7 Kxg7 17. h5 Nf4 18. Bxb7 Rxb7 19. hxg6 fxg6 20. f3 d5 21. O-O-O Qg5 22. Kb1 Ne6 0-1

[Event "V Floripa Chess Open 2019"]
[Site "Florianopolis/SC"]
[Date "2019.01.26"]
[Round "8.44"]
[White "Stapenhorst, Matheus Frederico"]
[Black "Dos Santos Junior, Haroldo Cunha"]
[Result "1-0"]
[WhiteElo "1947"]
[BlackElo "2129"]
[PlyCount "81"]
[EventDate "2019.01.21"]
[EventRounds "10"]
[EventCountry "BRA"]

1. e4 e5 2. Nf3 Nc6 3. Bb5 d6 4. d4 exd4 5. Nxd4 Bd7 6. Nc3 Nf6 7. O-O Be7 8. Re1 O-O 9. Bf1 Re8 10. h3 Bf8 11. Bf4 Ne5 12. Qd2 c6 13. Rad1 Kh8 14. Bh2 Qc7 15. Kh1 Rad8 16. Qc1 Bc8 17. f4 Ng6 18. Nf3 b5 19. e5 b4 20. Nb5 cxb5 21. exf6 a6 22. fxg7+ Bxg7 23. Bg1 Bb7 24. Nd4 Be4 25. f5 Nh4 26. Qf4 Nxg2 27. Bxg2 Bxg2+ 28. Kxg2 Rg8 29. Kh1 Be5 30. Qe4 Rg3 31. Nc6 Re8 32. Nxe5 dxe5 33. Re3 Rg5 34. Bf2 Qc8 35. Rf3 h6 36. Rd6 f6 37. Rxf6 Qd8 38. Rxh6+ Kg7 39. Rg6+ Rxg6 40. fxg6 Qd6 41. Qb7+ 1-0

[Event "V Floripa Chess Open 2019"]
[Site "Florianopolis/SC"]
[Date "2019.01.26"]
[Round "8.45"]
[White "Broday, Geovani Allan"]
[Black "Silva, Kaua Marques"]
[Result "1/2-1/2"]
[WhiteElo "2129"]
[BlackElo "1894"]
[PlyCount "78"]
[EventDate "2019.01.21"]
[EventRounds "10"]
[EventCountry "BRA"]

1. e4 c5 2. Nf3 Nc6 3. d4 cxd4 4. Nxd4 Nf6 5. Nc3 e5 6. Ndb5 d6 7. Bg5 a6 8. Na3 b5 9. Nd5 Be7 10. Bxf6 Bxf6 11. c4 b4 12. Nc2 O-O 13. g3 Bg5 14. Bg2 a5 15. O-O Ne7 16. Nce3 Bxe3 17. Nxe3 Be6 18. Qd3 Qc7 19. Rfd1 Rfd8 20. Rac1 Nc6 21. Nf5 a4 22. Ne3 Rab8 23. b3 Qa7 24. Nc2 Ra8 25. Ra1 f6 26. Bf1 Qc5 27. Kg2 Ra5 28. Qd2 Kf8 29. a3 Rb8 30. axb4 Nxb4 31. Nxb4 Rxb4 32. Qxd6+ Qxd6 33. Rxd6 Ke7 34. Rd3 Bd7 35. bxa4 Raxa4 36. Rxa4 Rxa4 37. Rc3 Bc6 38. Bd3 f5 39. f3 Ra2+ 1/2-1/2

[Event "V Floripa Chess Open 2019"]
[Site "Florianopolis/SC"]
[Date "2019.01.26"]
[Round "8.46"]
[White "Fabrega, Enrique"]
[Black "Araujo, Everson De Moura"]
[Result "1-0"]
[WhiteElo "2125"]
[BlackElo "1884"]
[PlyCount "69"]
[EventDate "2019.01.21"]
[EventRounds "10"]
[EventCountry "BRA"]

1. d4 Nf6 2. c4 e6 3. Nf3 d5 4. Nc3 c6 5. g3 Be7 6. Bg2 O-O 7. O-O b6 8. Ne5 Bb7 9. cxd5 exd5 10. Qa4 a6 11. b4 a5 12. b5 c5 13. e3 Bd6 14. Rd1 cxd4 15. exd4 Ne4 16. Nxe4 dxe4 17. Qc2 Bxe5 18. dxe5 Qe7 19. Bxe4 Rc8 20. Qd3 Bxe4 21. Qxe4 Nd7 22. Bb2 Re8 23. Rac1 Nc5 24. Qc6 Rad8 25. Bd4 Na4 26. Bxb6 Nxb6 27. Qxb6 Rxd1+ 28. Rxd1 Qxe5 29. Qc6 Qe2 30. Rd6 g6 31. b6 Qe1+ 32. Kg2 Re2 33. Qf3 Rb2 34. Rd7 Qe8 35. Qd5 1-0

[Event "V Floripa Chess Open 2019"]
[Site "Florianopolis/SC"]
[Date "2019.01.26"]
[Round "8.47"]
[White "Maiberg, Wellington Gubiani"]
[Black "Lopes Fo, Jorge Antonio Ferre"]
[Result "1/2-1/2"]
[WhiteElo "1935"]
[BlackElo "2122"]
[PlyCount "81"]
[EventDate "2019.01.21"]
[EventRounds "10"]
[EventCountry "BRA"]

1. e4 c5 2. Nf3 Nf6 3. Nc3 d5 4. exd5 Nxd5 5. Nxd5 Qxd5 6. b3 Nc6 7. Bb2 Bg4 8. Bc4 Qe4+ 9. Kf1 e6 10. d3 Qf5 11. h3 Bxf3 12. Qxf3 Qxf3 13. gxf3 O-O-O 14. Rg1 Rg8 15. Re1 Kc7 16. Bf6 Ne7 17. Bxe7 Bxe7 18. a4 h5 19. Re4 Bf6 20. b4 cxb4 21. Bb3 a5 22. Rf4 Kd6 23. Kg2 Rc8 24. Re1 Rc5 25. Rc4 Rxc4 26. Bxc4 Kc5 27. Re4 Rd8 28. Kf1 Rd4 29. Ke2 Rxe4+ 30. fxe4 Bg5 31. Bb5 f6 32. Be8 Kd4 33. Bd7 Kc3 34. Kd1 b3 35. cxb3 Kxd3 36. Bxe6 Kxe4 37. Ke2 Kf4 38. Bd5 b6 39. Kf1 f5 40. Kg2 Bf6 41. f3 1/2-1/2

[Event "V Floripa Chess Open 2019"]
[Site "Florianopolis/SC"]
[Date "2019.01.26"]
[Round "8.48"]
[White "Barbosa, Flavio Novais"]
[Black "Poeta, Caio Medeiros"]
[Result "1-0"]
[WhiteElo "1886"]
[BlackElo "2110"]
[PlyCount "159"]
[EventDate "2019.01.21"]
[EventRounds "10"]
[EventCountry "BRA"]

1. d4 Nf6 2. Nf3 d5 3. Bf4 c5 4. c3 Nc6 5. e3 Qb6 6. Qb3 c4 7. Qc2 Bf5 8. Qc1 Nh5 9. Bg3 h6 10. Nbd2 e6 11. Be2 Rc8 12. Bd1 Nxg3 13. hxg3 Qc7 14. Bc2 Bxc2 15. Qxc2 b5 16. g4 g6 17. g5 h5 18. g4 h4 19. Nxh4 Be7 20. Ke2 Bxg5 21. Nxg6 Rg8 22. Nh4 Bf6 23. Rag1 b4 24. Nhf3 e5 25. dxe5 Bxe5 26. Nxe5 Qxe5 27. Rh5 Qe6 28. Qf5 bxc3 29. bxc3 Qxf5 30. Rxf5 Ne7 31. Re5 f5 32. Rb1 fxg4 33. Rb7 Rg7 34. Rxa7 Kf8 35. a4 Rc6 36. a5 Rf6 37. Ra8+ Kf7 38. Nf1 Kg6 39. Nh2 Kf7 40. Ra7 Kf8 41. Nxg4 Rxg4 42. Raxe7 Rg2 43. Re8+ Kg7 44. R5e7+ Rf7 45. Rxf7+ Kxf7 46. Re5 d4 47. exd4 Rg1 48. Rc5 Ra1 49. Rxc4 Rxa5 50. Rc5 Ra2+ 51. Ke3 Ke6 52. c4 Ra1 53. d5+ Kd6 54. Rc6+ Kd7 55. Kd4 Rd1+ 56. Kc5 Rf1 57. Rf6 Ke7 58. Rf3 Ra1 59. d6+ Kd7 60. Rf7+ Kd8 61. f4 Ra5+ 62. Kd4 Ra4 63. f5 Ra1 64. f6 Ke8 65. Re7+ Kf8 66. d7 Ra8 67. Re8+ Rxe8 68. dxe8=Q+ Kxe8 69. Ke5 Kf7 70. c5 Ke8 71. c6 Kd8 72. f7 Ke7 73. c7 Kd7 74. f8=Q Kxc7 75. Qd6+ Kb7 76. Qc5 Ka6 77. Qb4 Ka7 78. Kd6 Ka8 79. Kc7 Ka7 80. Qb7# 1-0

[Event "V Floripa Chess Open 2019"]
[Site "Florianopolis/SC"]
[Date "2019.01.26"]
[Round "8.49"]
[White "Cordioli, Jairo Ribeiro"]
[Black "Felix Simoes, Rodrigo"]
[Result "1-0"]
[WhiteElo "1872"]
[BlackElo "2083"]
[PlyCount "100"]
[EventDate "2019.01.21"]
[EventRounds "10"]
[EventCountry "BRA"]

1. d4 Nf6 2. Nf3 g6 3. c4 Bg7 4. Nc3 O-O 5. g3 d6 6. Bg2 Nbd7 7. O-O e5 8. Bg5 h6 9. Be3 Ng4 10. Bc1 exd4 11. Nxd4 Nb6 12. h3 Ne5 13. b3 c5 14. Ndb5 a6 15. Nxd6 Nexc4 16. bxc4 Bxc3 17. Rb1 Bg7 18. Nxb7 Bxb7 19. Bxb7 Ra7 20. Qxd8 Rxd8 21. Rxb6 Rb8 22. Be3 Raxb7 23. Rxa6 Bf8 24. Rc1 Rb2 25. Kf1 R8b7 26. Ra8 Kg7 27. a4 Ra2 28. a5 Rb3 29. a6 Rba3 30. Rxf8 Rxe3 31. Rxf7+ Kxf7 32. fxe3 Rxa6 33. Kf2 Ke6 34. Rb1 Ke5 35. Rb5 Rc6 36. Rb8 Rf6+ 37. Kg2 Re6 38. Kf3 Rf6+ 39. Kg4 Re6 40. Rh8 Kf6 41. Kf4 g5+ 42. Kf3 Ke5 43. Rf8 Ra6 44. Re8+ Kf5 45. e4+ Kf6 46. Rc8 Ke5 47. Rxc5+ Kd4 48. Rd5+ Kxc4 49. e3 Re6 50. Rd4+ Kc5 1-0

[Event "V Floripa Chess Open 2019"]
[Site "Florianopolis/SC"]
[Date "2019.01.26"]
[Round "8.50"]
[White "De Oliveira, Guilherme Alfredo B"]
[Black "Soares, Joao Carlos T. C."]
[Result "0-1"]
[WhiteElo "1893"]
[BlackElo "2077"]
[PlyCount "100"]
[EventDate "2019.01.21"]
[EventRounds "10"]
[EventCountry "BRA"]

1. Nf3 d6 2. d4 Nf6 3. Bf4 Nbd7 4. e3 g6 5. Bc4 Bg7 6. Bxf7+ Kxf7 7. Ng5+ Kg8 8. Ne6 Qe8 9. Nxc7 Qd8 10. Nxa8 b6 11. Qf3 Nb8 12. Qe2 Ba6 13. c4 Bb7 14. Nxb6 axb6 15. O-O Nh5 16. Bg3 Nxg3 17. fxg3 Nd7 18. Nc3 h6 19. Nd5 Bxd5 20. cxd5 Kh7 21. h4 Nf6 22. e4 h5 23. Rad1 Ng4 24. Rf3 Qd7 25. Rb3 Qa4 26. Rbd3 Rf8 27. b3 Qb5 28. R1d2 Qb4 29. a3 Qxa3 30. Rf3 Rc8 31. Rd1 Qb4 32. Qd2 Qb5 33. Rdf1 Nf6 34. e5 dxe5 35. dxe5 Qxd5 36. Qg5 Qc5+ 37. Qe3 Qxe3+ 38. Rxe3 Ng4 39. Re4 Nxe5 40. Rfe1 Rc5 41. Rd1 Bf6 42. Rb4 b5 43. Re4 Kg7 44. Rf1 Ng4 45. Rd1 Nh6 46. Kh2 Be5 47. b4 Rc3 48. Kg1 Bd6 49. Red4 Ng4 50. Re1 Rb3 0-1

[Event "V Floripa Chess Open 2019"]
[Site "Florianopolis/SC"]
[Date "2019.01.26"]
[Round "8.51"]
[White "Hataby, Raed"]
[Black "Mileski, Lucas De Souza"]
[Result "1/2-1/2"]
[WhiteElo "1948"]
[BlackElo "1774"]
[PlyCount "120"]
[EventDate "2019.01.21"]
[EventRounds "10"]
[EventCountry "BRA"]

1. e4 c5 2. d4 cxd4 3. c3 dxc3 4. Nxc3 Nc6 5. Nf3 d6 6. Bc4 e6 7. O-O Be7 8. Qe2 Bd7 9. Rd1 Nf6 10. Bf4 e5 11. Bg5 Bg4 12. Bxf6 Bxf6 13. Nb5 Be7 14. h3 Bxf3 15. Qxf3 O-O 16. Qd3 Qb8 17. Bd5 Nb4 18. Qb3 Nxd5 19. Qxd5 a6 20. Nxd6 Bxd6 21. Qxd6 Qxd6 22. Rxd6 Rfd8 23. Rad1 Rxd6 24. Rxd6 Kf8 25. Rd7 Rb8 26. Kf1 b5 27. Ra7 Rc8 28. Rxa6 Rc1+ 29. Ke2 Rc2+ 30. Ke3 Rxb2 31. Ra7 b4 32. g3 b3 33. a4 Ra2 34. Rb7 b2 35. a5 Rxa5 36. Rxb2 Ra3+ 37. Kd2 Ke7 38. Rb7+ Ke6 39. Rc7 Ra2+ 40. Ke3 Ra3+ 41. Ke2 Ra2+ 42. Kf3 h5 43. Rc6+ Ke7 44. Ke3 Ra3+ 45. Ke2 Ra2+ 46. Kf3 Ra3+ 47. Kg2 Ra4 48. Kf3 Ra3+ 49. Ke2 Ra2+ 50. Ke3 Ra3+ 51. Kd2 Ra2+ 52. Ke3 Ra3+ 53. Ke2 Ra2+ 54. Kf1 Ra1+ 55. Kg2 Ra4 56. f3 Ra2+ 57. Kg1 Ra1+ 58. Kf2 Ra2+ 59. Kg1 Ra1+ 60. Kf2 Ra2+ 1/2-1/2

[Event "V Floripa Chess Open 2019"]
[Site "Florianopolis/SC"]
[Date "2019.01.26"]
[Round "8.52"]
[White "Mesquita, Guilherme"]
[Black "Campos, Alexandre Ferreira"]
[Result "0-1"]
[WhiteElo "1850"]
[BlackElo "2073"]
[PlyCount "100"]
[EventDate "2019.01.21"]
[EventRounds "10"]
[EventCountry "BRA"]

1. e4 c5 2. Nf3 d6 3. d4 cxd4 4. Nxd4 Nf6 5. Nc3 g6 6. Be3 Bg7 7. Bc4 O-O 8. f3 Nc6 9. Qd2 Bd7 10. O-O-O Rc8 11. Bb3 Na5 12. Kb1 Nc4 13. Bxc4 Rxc4 14. Qd3 Qc8 15. h4 b5 16. h5 a6 17. hxg6 fxg6 18. g4 b4 19. Nd5 Nxd5 20. exd5 Bb5 21. Nxb5 axb5 22. Bh6 Rd4 23. Qe2 Rxd1+ 24. Qxd1 Bxh6 25. Rxh6 Qc4 26. Rh1 Rf4 27. Qe1 Rxf3 28. Qe6+ Rf7 29. b3 Qf4 30. Qd7 Kg7 31. Re1 Qf2 32. Qe6 Qf6 33. Qxf6+ exf6 34. Re4 f5 35. Rxb4 fxg4 36. Rxg4 h5 37. Rb4 g5 38. a4 bxa4 39. Rxa4 g4 40. Kb2 g3 41. Ra1 Kg6 42. c4 g2 43. Rg1 Rf2+ 44. Kc3 h4 45. c5 dxc5 46. d6 Kf6 47. Re1 Rf4 48. b4 Rxb4 49. Kd3 h3 50. Ke3 h2 0-1

[Event "V Floripa Chess Open 2019"]
[Site "Florianopolis/SC"]
[Date "2019.01.26"]
[Round "8.53"]
[White "Schena, Arthur"]
[Black "Ulloa, Gabriel"]
[Result "1-0"]
[WhiteElo "1831"]
[BlackElo "2068"]
[PlyCount "153"]
[EventDate "2019.01.21"]
[EventRounds "10"]
[EventCountry "BRA"]

1. d4 Nf6 2. c4 g6 3. Nc3 Bg7 4. e4 d6 5. Nf3 O-O 6. Be2 Nbd7 7. O-O e5 8. Re1 Re8 9. Bf1 exd4 10. Nxd4 Nc5 11. f3 c6 12. Be3 a5 13. Qd2 Qe7 14. Rad1 Na6 15. Nb3 Bf8 16. Nxa5 Be6 17. a3 Rad8 18. b4 Bg7 19. b5 Nc5 20. bxc6 b6 21. Nb7 Nxb7 22. cxb7 Qxb7 23. Nb5 Qc6 24. Qb4 Bf8 25. Nd4 Qa8 26. Qc3 Bg7 27. Nxe6 Rxe6 28. Bd4 Qa4 29. Qb4 Qxb4 30. axb4 Nd7 31. Bxg7 Kxg7 32. Ra1 Rc8 33. Ra6 f5 34. Ra7 Re7 35. c5 bxc5 36. Bb5 Rd8 37. bxc5 Kf6 38. cxd6 Rg7 39. e5+ Nxe5 40. Rxg7 Kxg7 41. Rxe5 Rxd6 42. f4 Kf6 43. Kf2 g5 44. g3 Rd2+ 45. Re2 Rd4 46. fxg5+ Kxg5 47. Kf3 Rb4 48. Bd3 Rb3 49. Ke3 Ra3 50. Rf2 Ra5 51. Rb2 Re5+ 52. Kf3 Rd5 53. Ke3 Re5+ 54. Kd4 Re8 55. Rb5 Rd8+ 56. Ke3 Rf8 57. Kf3 Rf7 58. h4+ Kg6 59. Kf4 Ra7 60. Bxf5+ Kg7 61. Kg5 Rc7 62. Rd5 h6+ 63. Kh5 Rc6 64. Rd7+ Kh8 65. Rh7+ Kg8 66. Rxh6 Rc5 67. g4 Ra5 68. Rb6 Ra7 69. g5 Kh8 70. Rh6+ Kg8 71. Be6+ Kg7 72. Bf5 Kg8 73. Rd6 Ra8 74. Kg6 Rb8 75. h5 Rf8 76. Rd7 Re8 77. Rc7 1-0

[Event "V Floripa Chess Open 2019"]
[Site "Florianopolis/SC"]
[Date "2019.01.26"]
[Round "8.54"]
[White "Piccoli, Lucas Fonseca"]
[Black "Kanzler, Karina Daniela Ferr"]
[Result "0-1"]
[WhiteElo "2062"]
[BlackElo "1856"]
[PlyCount "74"]
[EventDate "2019.01.21"]
[EventRounds "10"]
[EventCountry "BRA"]

1. c4 b6 2. Nc3 Bb7 3. e4 e6 4. Nge2 Nf6 5. e5 Ne4 6. Qc2 d6 7. exd6 Nxd6 8. d4 Nd7 9. Ng3 Qh4 10. Be3 Be7 11. c5 bxc5 12. dxc5 Nf5 13. Nxf5 exf5 14. Nb5 Be4 15. Qc4 O-O 16. O-O-O Ne5 17. Qa4 Bg5 18. Nc3 Bxe3+ 19. fxe3 Rfd8 20. Ba6 Qe7 21. Nxe4 fxe4 22. Qxe4 Qxc5+ 23. Kb1 Re8 24. Rd5 Qe7 25. Rhd1 Rab8 26. Bd3 g6 27. Bc2 c5 28. a3 c4 29. Ka2 Qb7 30. Qd4 Nc6 31. Qf6 Ne5 32. Rb1 Qxd5 33. Ba4 Re6 34. e4 Qa5 35. Qf1 Qxa4 36. h4 Reb6 37. h5 Nd3 0-1

[Event "V Floripa Chess Open 2019"]
[Site "Florianopolis/SC"]
[Date "2019.01.26"]
[Round "8.55"]
[White "Bitencourt, Evandro Jose Dos S"]
[Black "Blank Goncalves, Eduardo"]
[Result "1-0"]
[WhiteElo "1812"]
[BlackElo "2060"]
[PlyCount "71"]
[EventDate "2019.01.21"]
[EventRounds "10"]
[EventCountry "BRA"]

1. d4 Nf6 2. Nf3 g6 3. g3 Bg7 4. Bg2 O-O 5. O-O d6 6. c4 c6 7. Nc3 Nbd7 8. e4 e5 9. h3 Re8 10. d5 c5 11. Qc2 Nf8 12. a3 Bd7 13. Be3 h6 14. b4 cxb4 15. axb4 Qc8 16. c5 dxc5 17. bxc5 Bxh3 18. Nb5 Bxg2 19. Kxg2 Rd8 20. Nxa7 Qg4 21. Nd2 Nh5 22. Qd1 Qd7 23. c6 bxc6 24. Nxc6 Rxa1 25. Qxa1 Re8 26. f3 Nh7 27. Qa6 Ng5 28. Bxg5 hxg5 29. Qa7 Qc8 30. Ne7+ Rxe7 31. Qxe7 g4 32. d6 Bf6 33. d7 Qc7 34. Qe8+ Kg7 35. fxg4 Nf4+ 36. gxf4 1-0

[Event "V Floripa Chess Open 2019"]
[Site "Florianopolis/SC"]
[Date "2019.01.26"]
[Round "8.56"]
[White "Ermel, Francisco Roberto"]
[Black "Bonvini, Alberto Tonhati"]
[Result "1/2-1/2"]
[WhiteElo "2054"]
[BlackElo "1880"]
[PlyCount "60"]
[EventDate "2019.01.21"]
[EventRounds "10"]
[EventCountry "BRA"]

1. d4 d5 2. c4 e6 3. Nf3 Nf6 4. e3 Be7 5. Nc3 O-O 6. Bd3 b6 7. cxd5 exd5 8. Ne5 Bb7 9. O-O Nbd7 10. f4 Ne4 11. Nxe4 dxe4 12. Bc4 Nxe5 13. fxe5 Bd5 14. Qb3 c6 15. Bd2 Rc8 16. Bb4 Bxb4 17. Qxb4 Qg5 18. Rae1 c5 19. Qb3 Bxc4 20. Qxc4 cxd4 21. Qxd4 Rfe8 22. Qd7 Qe7 23. Rd1 g6 24. Qa4 Rc7 25. Rd5 Rd8 26. Rxd8+ Qxd8 27. Qxe4 Re7 28. Rc1 Qd2 29. Rc8+ Kg7 30. h3 Qa5 1/2-1/2

[Event "V Floripa Chess Open 2019"]
[Site "Florianopolis/SC"]
[Date "2019.01.26"]
[Round "8.57"]
[White "Sosa, Alexandro Brum"]
[Black "Lukachewski Junior, Wanderlei"]
[Result "1/2-1/2"]
[WhiteElo "1807"]
[BlackElo "2046"]
[PlyCount "140"]
[EventDate "2019.01.21"]
[EventRounds "10"]
[EventCountry "BRA"]

1. c4 e5 2. g3 Bc5 3. Bg2 d6 4. Nc3 Nf6 5. e3 Nc6 6. Nge2 a6 7. a3 O-O 8. b4 Ba7 9. O-O Be6 10. Nd5 Bxd5 11. cxd5 Ne7 12. Qb3 Qd7 13. Bb2 Qb5 14. Nc3 Qd3 15. Rac1 Qf5 16. f4 Qh5 17. Qd1 Qxd1 18. Rfxd1 exf4 19. gxf4 Rac8 20. Kh1 Rfe8 21. a4 c6 22. dxc6 Nxc6 23. Ba3 Bb8 24. b5 axb5 25. Nxb5 d5 26. Kg1 Rcd8 27. Bc5 Ne4 28. Bb6 Rd7 29. Bh3 Rde7 30. d3 Nd6 31. Bc5 Rxe3 32. Bxe3 Rxe3 33. Bg2 Ne7 34. Re1 Nxb5 35. Rxe3 Ba7 36. Kf2 Nd6 37. Kf3 Bxe3 38. Kxe3 g6 39. Rc7 Kf8 40. Rc1 Ndf5+ 41. Kd2 Ke8 42. Rb1 Nd6 43. Kc3 Kd7 44. Bh3+ f5 45. Kd4 Ke6 46. Bg2 Nc6+ 47. Kc5 Ne7 48. Rb6 Nec8 49. Bxd5+ Kd7 50. Rb1 b6+ 51. Rxb6 Nxb6 52. Kxb6 Nc8+ 53. Kb7 Nd6+ 54. Kb8 h6 55. h4 Ne8 56. Bf7 g5 57. fxg5 hxg5 58. hxg5 f4 59. Bd5 Nc7 60. Be4 Ne6 61. g6 Ke7 62. a5 Nc5 63. Bb7 Nxb7 64. Kxb7 f3 65. a6 f2 66. a7 f1=Q 67. a8=Q Qg2+ 68. Kb8 Qg3+ 69. Kc8 Qg4+ 70. Kc7 Qg3+ 1/2-1/2

[Event "V Floripa Chess Open 2019"]
[Site "Florianopolis/SC"]
[Date "2019.01.26"]
[Round "8.58"]
[White "Da Silva, Joao Carlos Orguim"]
[Black "De Borba, Gabriel"]
[Result "0-1"]
[WhiteElo "1762"]
[BlackElo "2030"]
[PlyCount "116"]
[EventDate "2019.01.21"]
[EventRounds "10"]
[EventCountry "BRA"]

1. c4 e5 2. e4 Nc6 3. d3 Bc5 4. g3 d6 5. Bg2 f5 6. Ne2 Nf6 7. h3 O-O 8. Nbc3 fxe4 9. dxe4 Qe8 10. Rf1 Qh5 11. Ng1 Qg6 12. Qd3 Be6 13. Nd5 Nxd5 14. cxd5 Nb4 15. Qe2 Bd7 16. a3 Na6 17. Be3 Bb5 18. Qxb5 Bxe3 19. Qe2 Bb6 20. b4 Nb8 21. Nf3 a5 22. b5 a4 23. Nd2 Nd7 24. Nc4 Bd4 25. Rb1 b6 26. Nd2 Nc5 27. Bf3 Rf6 28. Bg4 Raf8 29. Bf5 Qe8 30. f3 g6 31. Be6+ Nxe6 32. dxe6 Qxe6 33. Rb4 Qxh3 34. Qc4+ R8f7 35. Rxa4 Qxg3+ 36. Kd1 Be3 37. Ra7 Qg2 38. Qe2 Qxe2+ 39. Kxe2 Bd4 40. Rc1 Bc5 41. a4 h5 42. Rh1 Kg7 43. Rh3 Rf4 44. Nb1 Bd4 45. Nd2 Kh6 46. Nc4 g5 47. Ra8 Rf8 48. Ra7 R4f7 49. Ne3 Bxe3 50. Kxe3 Kg6 51. Rh2 Rxf3+ 52. Ke2 R3f7 53. Rh1 g4 54. Rc1 g3 55. Rc3 h4 56. a5 bxa5 57. Rxa5 g2 58. Ra1 Rf1 0-1

[Event "V Floripa Chess Open 2019"]
[Site "Florianopolis/SC"]
[Date "2019.01.26"]
[Round "8.59"]
[White "Gomes, Guilherme Rodrigues"]
[Black "Tomiello, Mateus Costamilan"]
[Result "0-1"]
[WhiteElo "1565"]
[BlackElo "2004"]
[PlyCount "57"]
[EventDate "2019.01.21"]
[EventRounds "10"]
[EventCountry "BRA"]

1. d4 Nf6 2. g3 g6 3. Nf3 Bg7 4. Bg2 O-O 5. O-O d6 6. c4 Nbd7 7. Nc3 e5 8. h3 c6 9. e4 Re8 10. d5 Nc5 11. dxc6 bxc6 12. Ne1 a5 13. b3 Qc7 14. Ba3 Nfd7 15. Qd2 Ba6 16. Rd1 Bf8 17. Nc2 Nb6 18. Ne3 Red8 19. Ng4 a4 20. Qg5 Ne6 21. Nf6+ Kg7 22. Qh4 axb3 23. f4 h6 24. fxe5 Nxc4 25. Ng4 h5 26. Qf6+ Kg8 27. Bxd6 Nxd6 28. exd6 Qa7+ 29. Kh2 0-1

[Event "V Floripa Chess Open 2019"]
[Site "Florianopolis/SC"]
[Date "2019.01.26"]
[Round "8.60"]
[White "Woichinevski, Joao Vinicius Peru"]
[Black "Silva, Marcelo Dos Santos"]
[Result "1-0"]
[WhiteElo "1528"]
[BlackElo "1977"]
[PlyCount "55"]
[EventDate "2019.01.21"]
[EventRounds "10"]
[EventCountry "BRA"]

1. e4 e6 2. d4 d5 3. Nc3 dxe4 4. Nxe4 Bd7 5. Nf3 Bc6 6. Bd3 Nd7 7. O-O Ngf6 8. Qe2 Nxe4 9. Bxe4 Bxe4 10. Qxe4 c5 11. Bg5 Be7 12. Bxe7 Qxe7 13. Qxb7 Nb6 14. Qc6+ Qd7 15. Qxc5 Rc8 16. Qg5 O-O 17. c3 h6 18. Qg3 Qb5 19. Rab1 Qd5 20. a3 Nc4 21. Rfe1 Rb8 22. b3 Nxa3 23. c4 Qd8 24. Ne5 Qc8 25. Rb2 Qc7 26. Ra2 f6 27. Rxa3 fxe5 28. Qxe5 1-0

[Event "V Floripa Chess Open 2019"]
[Site "Florianopolis/SC"]
[Date "2019.01.26"]
[Round "8.61"]
[White "Carvalho Jr, Celestino"]
[Black "Salvadego, Matheus Henrique De"]
[Result "1/2-1/2"]
[WhiteElo "1976"]
[BlackElo "1844"]
[PlyCount "53"]
[EventDate "2019.01.21"]
[EventRounds "10"]
[EventCountry "BRA"]

1. e4 c5 2. Nf3 Nc6 3. d3 e6 4. g3 d5 5. Nbd2 Nf6 6. Bg2 Be7 7. O-O O-O 8. Re1 b5 9. h4 Qc7 10. a4 b4 11. b3 Bb7 12. Nf1 Rfc8 13. Bf4 Qd8 14. e5 Nd7 15. h5 h6 16. Ne3 a5 17. Ng4 Qf8 18. Qd2 Kh8 19. Ngh2 Nb6 20. g4 d4 21. g5 Nd5 22. Bg3 hxg5 23. Nxg5 Bxg5 24. Qxg5 Nce7 25. Ng4 Nf6 26. Kh2 Ra7 27. Rh1 1/2-1/2

[Event "V Floripa Chess Open 2019"]
[Site "Florianopolis/SC"]
[Date "2019.01.26"]
[Round "8.62"]
[White "Guimaraes, Wagner Peixoto"]
[Black "Soares, Gustavo Henrique"]
[Result "1/2-1/2"]
[WhiteElo "2240"]
[BlackElo "1698"]
[PlyCount "50"]
[EventDate "2019.01.21"]
[EventRounds "10"]
[EventCountry "BRA"]

1. Nf3 d5 2. c4 e6 3. g3 b6 4. Bg2 Bb7 5. d4 Nf6 6. Bg5 Be7 7. Nc3 Nbd7 8. cxd5 Nxd5 9. Bxe7 Qxe7 10. Nxd5 Bxd5 11. O-O O-O 12. Qc2 c5 13. e4 Bb7 14. Rfe1 h6 15. d5 exd5 16. exd5 Qd6 17. Nh4 g6 18. Rad1 Rfd8 19. Re6 Qf8 20. Nxg6 fxg6 21. Qxg6+ Kh8 22. Rde1 Nf6 23. d6 Bxg2 24. Kxg2 Rxd6 25. Rxd6 Ne8 1/2-1/2

[Event "V Floripa Chess Open 2019"]
[Site "Florianopolis/SC"]
[Date "2019.01.26"]
[Round "8.63"]
[White "Kruger, Israel"]
[Black "Gauche, Charles"]
[Result "0-1"]
[WhiteElo "1890"]
[BlackElo "2241"]
[PlyCount "136"]
[EventDate "2019.01.21"]
[EventRounds "10"]
[EventCountry "BRA"]

1. d4 Nf6 2. Bf4 c5 3. e3 cxd4 4. exd4 Qb6 5. b3 d5 6. h3 Nc6 7. Nf3 Bf5 8. a3 e6 9. Bd3 Be4 10. Be3 Be7 11. Bxe4 Nxe4 12. O-O O-O 13. c4 Bf6 14. c5 Qc7 15. b4 a6 16. Qb3 a5 17. Nc3 Nxc3 18. Qxc3 b5 19. cxb6 Qxb6 20. Qc5 Rfb8 21. Rfc1 Ne7 22. Bf4 Qxc5 23. Rxc5 Rb7 24. bxa5 Rba7 25. Bc7 Nf5 26. Bb6 Ra6 27. Rac1 Nd6 28. Rb1 Nc4 29. a4 h6 30. Rc7 Bd8 31. Rb7 Nxa5 32. Bxa5 Bxa5 33. Ne5 Bc3 34. Rb8+ Kh7 35. Nd7 Rxb8 36. Rxb8 g5 37. Nc5 Ra5 38. Rb5 Ra8 39. a5 Bxa5 40. Rb3 Bd2 41. Kf1 Bf4 42. Ke2 Kg6 43. Kf3 Bd6 44. Nd3 Ra3 45. Rxa3 Bxa3 46. g4 f6 47. Ke3 Bd6 48. f3 Kf7 49. Kd2 Ke7 50. Kc3 Kd7 51. Kb3 Kc6 52. Kc3 e5 53. Kd2 Bc7 54. Nf2 Bb6 55. Nh1 Bxd4 56. Ng3 Bc5 57. Nf5 Bf8 58. Ne3 Kc5 59. Nf5 Kc6 60. Ne3 Kd6 61. Nf5+ Ke6 62. Ne3 h5 63. Nf5 Bc5 64. Ng3 Bf2 65. Ne2 hxg4 66. hxg4 f5 67. Nc3 fxg4 68. fxg4 e4 0-1

[Event "V Floripa Chess Open 2019"]
[Site "Florianopolis/SC"]
[Date "2019.01.26"]
[Round "8.64"]
[White "Teshima, Ricardo Yoshida"]
[Black "Campelo, Leandro Fabricio"]
[Result "1-0"]
[WhiteElo "1879"]
[BlackElo "2201"]
[PlyCount "100"]
[EventDate "2019.01.21"]
[EventRounds "10"]
[EventCountry "BRA"]

1. e4 c5 2. Nc3 Nc6 3. g3 g6 4. Bg2 Bg7 5. d3 d6 6. Be3 e6 7. Qd2 Nd4 8. Nd1 Ne7 9. c3 Ndc6 10. Bh6 Bxh6 11. Qxh6 Ne5 12. Qd2 O-O 13. f4 N5c6 14. Nf3 f5 15. Nf2 Bd7 16. O-O-O Qa5 17. Kb1 d5 18. exd5 exd5 19. d4 c4 20. Ne5 Nxe5 21. fxe5 Rac8 22. h4 Rc6 23. Ka1 f4 24. gxf4 b5 25. Bh3 Ra6 26. a3 Nf5 27. Rdg1 b4 28. cxb4 Qb6 29. Bxf5 Bxf5 30. Ng4 c3 31. Qxc3 Rc8 32. Qb3 Qxd4 33. Nh6+ Kh8 34. Nxf5 gxf5 35. Rc1 Rb8 36. Qc3 Qxf4 37. Rhg1 Rg6 38. Qc7 Rbg8 39. Rxg6 hxg6 40. Rc2 d4 41. Qe7 Qe4 42. Rc7 Qh1+ 43. Ka2 Qd5+ 44. Ka1 Qh1+ 45. Ka2 Qd5+ 46. Kb1 Qe4+ 47. Kc1 Qe1+ 48. Kc2 Qe2+ 49. Kb3 Qf3+ 50. Ka4 Qh5 1-0